Nontechnical guide to petroleum geology, exploration, drilling, and production / (Record no. 2399)
[ view plain ]
| 000 -LEADER | |
|---|---|
| fixed length control field | 01111nam a22003135a 4500 |
| 005 - DATE AND TIME OF LATEST TRANSACTION | |
| control field | 20150816142104.0 |
| 008 - FIXED-LENGTH DATA ELEMENTS--GENERAL INFORMATION | |
| fixed length control field | 090525t okua|||frb||| 001 0 eng d |
| 010 ## - LIBRARY OF CONGRESS CONTROL NUMBER | |
| LC control number | 2002279429 |
| 020 ## - INTERNATIONAL STANDARD BOOK NUMBER | |
| International Standard Book Number | 087814823X |
| 020 ## - INTERNATIONAL STANDARD BOOK NUMBER | |
| International Standard Book Number | 9780878148233 |
| 040 ## - CATALOGING SOURCE | |
| Original cataloging agency | EG-ScBUE |
| Language of cataloging | eng |
| Transcribing agency | EG-ScBUE |
| 082 04 - DEWEY DECIMAL CLASSIFICATION NUMBER | |
| Classification number | 665.5 |
| Item number | HYN |
| Edition number | 22 |
| 100 1# - MAIN ENTRY--PERSONAL NAME | |
| Personal name | Hyne, Norman J. |
| 9 (RLIN) | 5221 |
| 245 10 - TITLE STATEMENT | |
| Title | Nontechnical guide to petroleum geology, exploration, drilling, and production / |
| Statement of responsibility, etc | Norman J. Hyne. |
| 250 ## - EDITION STATEMENT | |
| Edition statement | 2nd ed. |
| 260 ## - PUBLICATION, DISTRIBUTION, ETC. (IMPRINT) | |
| Place of publication, distribution, etc | Tulsa, Oklahoma : |
| Name of publisher, distributor, etc | Penn Well Corporation, |
| Date of publication, distribution, etc | c.2001. |
| 300 ## - PHYSICAL DESCRIPTION | |
| Extent | xlv, 598 p. : |
| Other physical details | ill. ; |
| Dimensions | 24 cm. |
| 500 ## - GENERAL NOTE | |
| General note | Index : p. 563-597. |
| 500 ## - GENERAL NOTE | |
| General note | Glossary : p. 451-550 |
| 504 ## - BIBLIOGRAPHY, ETC. NOTE | |
| Bibliography, etc | Bibliography : p. 551-556. |
| 590 ## - LOCAL NOTE (RLIN) | |
| Local note | Menna Elemam |
| 650 #0 - SUBJECT ADDED ENTRY--TOPICAL TERM | |
| Topical term or geographic name as entry element | Petroleum-- |
| General subdivision | Geology. |
| 9 (RLIN) | 5222 |
| Source of heading or term | BUEsh |
| 650 #0 - SUBJECT ADDED ENTRY--TOPICAL TERM | |
| Topical term or geographic name as entry element | Petroleum-- |
| General subdivision | engineering. |
| 9 (RLIN) | 5223 |
| Source of heading or term | BUEsh |
| 650 #0 - SUBJECT ADDED ENTRY--TOPICAL TERM | |
| Topical term or geographic name as entry element | Petroleum-- |
| General subdivision | Prospecting. |
| 9 (RLIN) | 5224 |
| Source of heading or term | BUEsh |
| 651 ## - SUBJECT ADDED ENTRY--GEOGRAPHIC NAME | |
| Source of heading or term | BUEsh |
| 653 ## - INDEX TERM--UNCONTROLLED | |
| Resource For college | Engineering, Petroleum |
| Arrived date list | August2015 |
| 655 ## - INDEX TERM--GENRE/FORM | |
| Genre/form data or focus term | Geological principles of petrolum exploration- Year 1 |
| Form subdivision | |
| General subdivision | Engineering |
| Chronological subdivision | Semester 2. 2008/2009 |
| 942 ## - ADDED ENTRY ELEMENTS (KOHA) | |
| Item type | |
| Call number prefix | 665.5 HYN |
| Source of classification or shelving scheme | Dewey Decimal Classification |
| Withdrawn status | Item status | Source of classification or shelving scheme | Damaged status | Not for loan | Vendor | Home library | Current library | Shelving location | Date acquired | Source of acquisition | Cost, normal purchase price | Total Checkouts | Total Renewals | Full call number | Barcode | Date last seen | Date last borrowed | Cost, replacement price | Koha item type | Serial Enumeration / chronology |
|---|---|---|---|---|---|---|---|---|---|---|---|---|---|---|---|---|---|---|---|---|
| Dewey Decimal Classification | Baccah | Central Library | Central Library | First floor | 19/02/2007 | 390.00 | 23 | 99 | 665.5 HYN | 000001890 | 15/07/2025 | 15/10/2022 | 487.50 | Book - Borrowing | ||||||
| Dewey Decimal Classification | Central Library | Central Library | First floor | 19/02/2007 | Purchase | 18 | 48 | 665.5 HYN | 000001889 | 15/07/2025 | 27/11/2022 | Book - Borrowing | ||||||||
| Dewey Decimal Classification | Baccah | Central Library | Central Library | First floor | 19/02/2007 | 15 | 57 | 665.5 HYN | 000024838 | 15/07/2025 | 25/10/2017 | Book - Borrowing | ||||||||
| Dewey Decimal Classification | Central Library | Central Library | First floor | 08/02/2011 | Purchase | 17 | 22 | 665.5 HYN | 000009514 | 15/07/2025 | 12/02/2018 | Book - Borrowing | ||||||||
| Dewey Decimal Classification | Central Library | Central Library | First floor | 08/02/2011 | 16 | 43 | 665.5 HYN | 000009516 | 15/07/2025 | 17/11/2015 | Book - Borrowing | |||||||||
| Dewey Decimal Classification | Central Library | Central Library | First floor | 08/02/2011 | Purchase | 14 | 93 | 665.5 HYN | 000009515 | 15/07/2025 | 26/04/2015 | Book - Borrowing | ||||||||
| Dewey Decimal Classification | Central Library | Central Library | First floor | 07/09/2008 | Purchase | 15 | 39 | 665.5 HYN | 000013502 | 15/07/2025 | 05/10/2022 | Book - Borrowing | ||||||||
| Dewey Decimal Classification | Baccah | Central Library | Central Library | First floor | 23/04/2009 | 441.60 | 15 | 87 | 665.5 HYN | 000016073 | 15/07/2025 | 14/11/2016 | Book - Borrowing | 7117 | ||||||
| Dewey Decimal Classification | Baccah | Central Library | Central Library | First floor | 10/05/2011 | 665.5 HYN | 000001887 | 15/07/2025 | NB - Book (Non borrowing) |